000 02375nas a2200289 454500
001 43141
005 20260407193511.0
008 260407s1986####ag###########|||spa#d
003 AR-UNSa-BCEJYS
040 _aAR-UNSa-BCEJYS
_bspa
_cAR-UNSa-BCEJYS
080 _a338.2
_xPolítica económica. Control de la economía. Gestión de la economía. Planificación económica
245 1 0 _aThe world bank economic review
022 _a0258-6770
264 1 _aWashington :
_bThe World Bank
_c1986
520 _aEs una revista profesional que difunde la investigación patrocinada por el Banco Mundial y otras instituciones. La revista pretende informar al análisis de políticas y opciones para lectores internacionales, incluyendo economistas y científicos sociales en el gobierno, negocios, agencias internacionales, universidades e instituciones de investigación para el desarrollo. La revisión proporciona la mejor y más reciente investigación en el campo del análisis cuantitativo de las políticas de desarrollo, con énfasis en la relevancia política y los aspectos operativos de la economía. Está destinado a lectores familiarizados con la teoría y el análisis económicos, pero no necesariamente competentes en técnicas matemáticas o econométricas avanzadas. Los artículos ilustran cómo la investigación profesional puede arrojar luz sobre las opciones de políticas, y el material proviene del trabajo realizado por personal y consultores del Banco Mundial y por investigadores externos. Se invita a los contribuyentes no bancarios a presentar su trabajo; La coherencia con la política del Banco Mundial no es un factor en la selección de artículos. Antes de ser aceptados para publicación, los artículos son revisados ​​por tres árbitros, uno del Banco Mundial y dos de fuera de la institución. Los artículos también deben ser aprobados por los miembros del consejo editorial antes de la aceptación final.
505 _aFerecuencia: Cuatrimestral
041 _aspa
942 _cSER
590 _aniveau_biblio:s niveau_hierar:1
100 1 _aKanbur, Ravi
650 _aPolítica de desarrollo
650 _aCondiciones económicas
650 _aPolítica económica
650 _aECONOMIA
650 _aDESARROLLO ECONOMICO
856 4 1 _uhttps://biblioeco.unsa.edu.ar/pmb/images/revistas/R21132.jpg
_yImagen de portada
_qimage/jpeg
999 _c8896
_d8896